|
|
|
|
| LEADER |
01422nam a2200373Ia 4500 |
| 001 |
EBC3414587 |
| 003 |
MiAaPQ |
| 005 |
20200520144314.0 |
| 006 |
m o d | |
| 007 |
cr cn||||||||| |
| 008 |
021226s2003 miu sb s001 0 eng d |
| 010 |
|
|
|z 2002156535
|
| 020 |
|
|
|z 9780472030972
|
| 020 |
|
|
|z 0472113224 (cloth : alk. paper)
|
| 035 |
|
|
|a (MiAaPQ)EBC3414587
|
| 035 |
|
|
|a (Au-PeEL)EBL3414587
|
| 035 |
|
|
|a (CaPaEBR)ebr10356838
|
| 035 |
|
|
|a (CaONFJC)MIL244534
|
| 035 |
|
|
|a (OCoLC)923500624
|
| 040 |
|
|
|a MiAaPQ
|c MiAaPQ
|d MiAaPQ
|
| 050 |
|
4 |
|a HD87
|b .C418 2003
|
| 245 |
0 |
0 |
|a Changing paths
|h [electronic resource] :
|b international development and the new politics of inclusion /
|c edited by Peter P. Houtzager and Mick Moore.
|
| 260 |
|
|
|a Ann Arbor :
|b University of Michigan Press,
|c c2003.
|
| 300 |
|
|
|a x, 300 p.
|
| 504 |
|
|
|a Includes bibliographical references and indexes.
|
| 533 |
|
|
|a Electronic reproduction. Ann Arbor, MI : ProQuest, 2015. Available via World Wide Web. Access may be limited to ProQuest affiliated libraries.
|
| 650 |
|
0 |
|a Economic development
|x Political aspects.
|
| 650 |
|
0 |
|a Poverty
|x Government policy.
|
| 650 |
|
0 |
|a Distributive justice.
|
| 655 |
|
4 |
|a Electronic books.
|
| 700 |
1 |
|
|a Houtzager, Peter P.
|
| 700 |
1 |
|
|a Moore, Mick.
|
| 710 |
2 |
|
|a ProQuest (Firm)
|
| 856 |
4 |
0 |
|u https://ebookcentral.proquest.com/lib/matrademy/detail.action?docID=3414587
|z Click to View
|